| 000 | 01541nam a2200301 b 4500 | ||
|---|---|---|---|
| 999 |
_c177 _d177 |
||
| 003 | AR-BaISA | ||
| 005 | 20220601182547.0 | ||
| 007 | ta | ||
| 008 | 070528s2008 sp a | |||| 001 0 spa d | ||
| 020 | _a9788493558321 | ||
| 040 | _cAR-BaISA | ||
| 082 | 0 | 4 |
_222 _a615.1 R725 |
| 100 | 1 | 0 |
_aRosenfeld, Gary C. _4aut. _9418 |
| 245 | 1 | 0 |
_aTemas claves de farmacología / _cGary C. Rosenfeld y David S. Loose |
| 250 | _a4ª ed. | ||
| 260 |
_aBarcelona: _bWolters Kluwer Health, _c2008 |
||
| 300 |
_aXI, 420 p.: _bil.; _c25 cm |
||
| 336 |
_aTexto (visual) _2isbdcontent |
||
| 337 |
_asin mediación _2isbdmedia |
||
| 490 | 1 | _aBoard review | |
| 504 | _aÍndice analítico p: 401-420 | ||
| 505 |
_tPrincipios generales de la acción farmacológica -- _tFármacos con acción sobre el sistema nervioso autónomo -- _tFármacos con acción sobre el sistema renal -- _tFármacos con acción sobre el sistema nervioso central -- _tAutacoides, ergóticos, antiinflamatorios e inmnodepresores -- _tFármacos utilizados en el tratamiento de la anemia y los trastornos de la hemostasia -- _tFármacos que actúan sobre el aparato digestivo -- _tFármacos que actúan sobre el aparato respiratorio -- _tFármacos que actúan sobre el aparato endocrino -- _tFármacos que se usan en el tratamiento de las enfermedades infecciosas -- _tQuimioterapia antineoplásica -- _tToxicología |
||
| 530 | _aDisponible en sitio web | ||
| 650 | 1 | 4 |
_9406 _aFarmacología |
| 700 | 1 |
_aLoose, David S. _4aut. _9419 |
|
| 830 | 0 |
_9420 _aBoard review |
|
| 942 |
_2ddc _cLI |
||